00646nam a2200229Ia 4500003000400000005001700004008004100021020001500062040001800077041000800095082002500103100002300128245002600151250001200177260005000189300002700239650002300266650001600289650004800305650004200353650002100395OSt20250128161110.0210716s2002 xx 000 0 und d a8126502584 cAIMIT LIBRARY aeng a005.7401 21stbMCCC aMcCullough, Carol. aOracle9i for dummies. a1st ed. aNew Delhi :bIDG Books India (P) Ltd ,c2002. aix,401 p.;bPBc25 cm. aSQL nuts and bolts aObject sql  aCreating object types objects and reference aSpecial tasks with enterprise manager aCorrecting flaws